| 000 | 00358nam a22001457a 4500 | ||
|---|---|---|---|
| 003 | OSt | ||
| 005 | 20220127145408.0 | ||
| 008 | 220127b |||||||| |||| 00| 0 eng d | ||
| 020 | _a0582098157 | ||
| 040 | _cHU | ||
| 082 |
_a621.30212 _b1 |
||
| 100 |
_aMorris Noel _928917 |
||
| 245 | _aElectrical And Electronic Engineering Principles | ||
| 942 |
_2ddc _cBOOKS _n0 |
||
| 999 |
_c28207 _d28207 |
||